Statická optimalizácia ako riešenie nelineárnych regulačných obvodov : Habil.práca : Obh. 14.11.1972 /

Gespeichert in:
Bibliographische Detailangaben
1. Verfasser: Hrivňák, Juraj (Verfasst von)
Format: Manuskript Buch
Veröffentlicht: Bratislava : SVŠT v Bratislave EF, 1971
Tags: Tag hinzufügen
Keine Tags, Fügen Sie das erste Tag hinzu!

MARC

LEADER 00000ntm a22000003a 4500
001 stu7253
005 20150617225808.7
008 ------s1971----------------------------d
040 |a STU  |b slo 
041 0
100 1 |a Hrivňák, Juraj  |4 aut 
245 1 |a Statická optimalizácia ako riešenie nelineárnych regulačných obvodov :  |b Habil.práca : Obh. 14.11.1972 /  |c [aut.] Hrivňák,Juraj, Ing. CSc 
260 |a Bratislava :  |b SVŠT v Bratislave EF,  |c 1971 
300 |a 103 s 
996 |b 284ED00880  |c E*HABIL-22  |l EE01  |s A  |a 24  |w stu7253_0001